ბათუმის შოთა რუსთაველის სახელმწიფო უნივერსიტეტის ბიბლიოთეკა

პროგრამული მართვის ლითონსაჭრელი ჩარხები და მართვის სისტემები / სახელმძღვ. (ბიბ.ჩანაწერი № 39584)

000 -ლიდერი
ფიქსირებული სიგრძის საკონტროლო ველი 01035nam a2200217Ia 4500
001 - საკონტროლო ნომერი
საკონტროლო ველი 6183
003 - საკონტროლო ნომრის იდენტიფიკატორი
საკონტროლო ველი GE_BSU
005 - ბოლო ოპერაციის თარიღი და დრო
საკონტროლო ველი 20190701152823.0
008 - ფიქსირებული სიგრძის მონაცემთა ელემენტები - ზოგადი ინფორმაცია
ფიქსირებული სიგრძის საკონტროლო ველი 181216s1980|||| |||||||||||||| ||geo||
041 ## - ენის კოდი
Language code of text/sound track or separate title geo
080 ## - უნივერსალური ათობითი კლასიფიკაციის ინდექსი
Universal Decimal Classification number 621.91(075.8) გ-59
100 ## - მთავარი ჩანაწერი - პიროვნების სახელი
Personal name გოგავა, ლ.
9 (RLIN) 3123
245 ## - ცნობა სათაურის შესახებ
Title პროგრამული მართვის ლითონსაჭრელი ჩარხები და მართვის სისტემები / სახელმძღვ.
Statement of responsibility, etc ლ. გოგავა ; რედ : გ. ჩიხლაძე.
264 ## - წარმოების, გამოცემის, დისტრიბუციის და სხვა ცნობები
გამოცემის, წარმოების, დისტრიბუციის... ადგილი თბილისი :
გამოცემის, წარმოების, დისტრიბუციის... სახელწოდება განათლება,
გამოცემის, წარმოების, დისტრიბუციის... თარიღი 1985.
300 ## - ფიზიკური აღწერა
Extent 199 გვ .:
Other physical details ნახაზ.
Dimensions 20 სმ.
504 ## - BIBLIOGRAPHY, ETC. NOTE
Bibliography, etc ბიბლიოგრ.:გვ.195-196.
653 ## - INDEX TERM--UNCONTROLLED
Uncontrolled term პროგრამული მართვის ლითონსაჭრელი ჩარხები
653 ## - INDEX TERM--UNCONTROLLED
Uncontrolled term ტექნიკა
700 ## - ADDED ENTRY--PERSONAL NAME
Personal name ჩიხლაძე, გ
Relator term რედაქტორი
9 (RLIN) 1385
942 ## - ADDED ENTRY ELEMENTS (KOHA)
Koha item type წიგნი
Source of classification or shelving scheme
ეგზემპლარები
ჩამოწერის სტატუსი დაკარგული ეგზემპლარის სტატუსი კლასიფიკაციის წყარო ან თაროზე გაწყობის სქემა დაზიანების სტატუსი არ გაიცემა მუდმივი მდებარეობა (დაცვის ადგილი) ამჟამინდელი ადგილსამყოფელი თაროზე განთავსების ადგილი შეძენის თარიღი ღირებულება, შესყიდვის ნორმალური ფასი სრული შენახვის შიფრი შტრიხკოდი ბოლო ოპერაციის თარიღი ეგზემპლარის მიმდევრობითი ნომერი (კეტერი?) ფასის ძალაში შესვლის თარიღი ეგზემპლარის სახეობა საჯარო შენიშვნა
          ტექნოლოგიური ფაკულტეტის ბიბლიოთეკა ტექნოლოგიური ფაკულტეტის ბიბლიოთეკა წიგნსაცავი 2018-12-17 0.00 621.91(075.8) გ-59 11179 2018-12-17 11179 2018-12-17 წიგნი 0,70 თ.
          ტექნოლოგიური ფაკულტეტის ბიბლიოთეკა ტექნოლოგიური ფაკულტეტის ბიბლიოთეკა წიგნსაცავი 2018-12-17 0.00 621.91(075.8) გ-59 11180 2018-12-17 11180 2018-12-17 წიგნი 0,70 თ.